| 000 | 01199cab a2200253 4500 | ||
|---|---|---|---|
| 001 | ABS57269 | ||
| 008 | 090401t1997 xxu||||| |||| 00| 0 eng d | ||
| 035 | _a(Sirsi) u79758 | ||
| 041 | _aeng | ||
| 245 | _aBahara & Bahara v Sandwell MBC | ||
| 260 | _c1997 | ||
| 350 | _a0 | ||
| 490 |
_aRating & Valuation Reporter _v[1997] 37 RVR 154-156(3) |
||
| 520 | _aLT 7 March 1997. The claimants (B) owned a newspaper shop with living accommodation. The council (S) sought compulsory purchase, offering alternative housing, with compensation for extinguishment of business at £89,000. S contended however that B had not availed themselves of every opportunity to reasonably relocate the business. S brought to B`s attention such opportunities, but B did not want to move to another area. "Held" compensation payable at the sum agreed. | ||
| 650 | _aALTERNATIVE ACCOMMODATION | ||
| 650 | _aBAHARA & BAHARA V SANDWELL MBC | ||
| 650 | _aCOMPENSATION | ||
| 650 |
_aCompulsory purchase _96228 |
||
| 650 | _aEXTINGUISHMENT | ||
| 650 | _aRELOCATION | ||
| 690 | _aENVIRONMENTAL AND LAND CONSULTANCY-PLANNING AND DEVELOPMENT-COMPULSORY PURCHASE AND COMPENSATION | ||
| 942 | _n0 | ||
| 948 | _c21/07/1997 | ||
| 999 |
_c50176 _d50176 |
||